Library Banner

Chanaar ki kahani(چنار کی کہانی)/ (Record no. 102808)

MARC details
000 -LEADER
fixed length control field 00417nam a22001457a 4500
005 - DATE AND TIME OF LATEST TRANSACTION
control field 20180208095629.0
008 - FIXED-LENGTH DATA ELEMENTS--GENERAL INFORMATION
fixed length control field 180208b xxu||||| |||| 00| 0 eng d
040 ## - CATALOGING SOURCE
Transcribing agency PK-LaUMT
082 ## - DEWEY DECIMAL CLASSIFICATION NUMBER
Classification number PKAC 070.44
Item number SAG-C
100 ## - MAIN ENTRY--PERSONAL NAME
Personal name Sagheer Qamar < Muhammad
245 ## - TITLE STATEMENT
Title Chanaar ki kahani(چنار کی کہانی)/
Statement of responsibility, etc Muhammad Sagheer Qamar
260 ## - PUBLICATION, DISTRIBUTION, ETC. (IMPRINT)
Place of publication, distribution, etc لاہور:
Name of publisher, distributor, etc منشورات،
Date of publication, distribution, etc 2007
300 ## - PHYSICAL DESCRIPTION
Extent 323
942 ## - ADDED ENTRY ELEMENTS (KOHA)
Koha item type Books
Holdings
Withdrawn status Lost status Damaged status Home library Current library Date acquired Full call number Barcode Date last seen Price effective from Koha item type
      UMT Main Campus UMT Main Campus 2018-02-08 PKAC 070.44 SAG-C 118884 2018-02-08 2018-02-08 Books